| 000 | 00703cam a2200229 a 4500 | ||
|---|---|---|---|
| 001 | 000005293 | ||
| 005 | 20200929151633.0 | ||
| 008 | 991005s2000 sp b 001|0cspa | ||
| 020 | _a8466300643 | ||
| 040 |
_aDO-SdBNP _bspa _cBNPHU |
||
| 082 |
_a920.02 _bM778p, 2000 |
||
| 100 | 1 |
_aMontero, Rosa, _d1951- _915063 |
|
| 245 | 1 | 0 |
_aPasiones : _bamores y desamores que han cambiado la historia / _cRosa Montero. |
| 250 | _a2a ed. | ||
| 260 |
_a[Madrid] : _bSuma de Letras, _c2000. |
||
| 300 |
_a230 p. ; _c18 cm. |
||
| 490 | 1 |
_aPunto de lectura _v77 |
|
| 650 | 4 |
_aPersonajes históricos _vBIBLIOGRAFÍA _915064 |
|
| 830 | 4 |
_aPunto de lectura ; _v77 _93047 |
|
| 910 | _aCatalogación derivada | ||
| 910 | _aWM | ||
| 999 |
_c5094 _d5094 |
||